French Words #1 - Click the Pictures - Statistics

General Stats
  • This quiz has been taken 50,093 times
  • The average score is 17 of 24
Answers on the Map
Answers color-coded by a green-red scale on the quiz's map according to % correct below.
 
Answer Stats
Answer % Correct
Une banane
88%
Un crayon
86%
Une carotte
86%
Un avion
85%
Une noix de coco
83%
Un escargot
81%
Un chat
79%
Une pomme
79%
Un chien
73%
Une fraise
73%
Des chaussettes
72%
Un champignon
70%
Un parapluie
68%
Une main
67%
Une voiture
66%
Une oreille
65%
Un mouton
64%
Une bouche
63%
Une baleine
61%
Un nuage
56%
Un cochon
55%
Une sucette
54%
Un couteau
52%
Une souris
52%
No matching quizzes found
Score Distribution
Percent of People with Each Score
Percentile by Number Answered
Your Score History
You have not taken this quiz